00619nam a2200169 a 4500008004100000020001500041050002100056100001700077245011700094260008300211300001600294350000900310500002600319650004100345700002100386710004200407060316s1980 ||||||||||||||||| || u a0566021226 aHF 5549.5.T7 Bre aGarratt, Bob10aBreaking down barriers : practice and priorities for international management education /cedited by Bob Garratt aFarnborough, Eng. :bGower for the Association of Teachers of Managementc1980 axvi, 333 p. a0.00 aIncludes bibliography aEXECUTIVES - TRAINING OF- CONGRESSES aStopford, John M aAssociation of Teachers of Management